|
|
|
|
| LEADER |
01555nam a2200433 a 4500 |
| 001 |
EBC622514 |
| 003 |
MiAaPQ |
| 005 |
20200520144314.0 |
| 006 |
m o d | |
| 007 |
cr cn||||||||| |
| 008 |
020220s2000 ne a sb 001 0 eng |
| 010 |
|
|
|z 99046719
|
| 015 |
|
|
|a GBA2-15016
|
| 016 |
7 |
|
|a 9027232997
|2 Uk
|
| 020 |
|
|
|z 9027232997(pbk.)
|
| 020 |
|
|
|z 1556197454(U.S.)
|
| 035 |
|
|
|a (MiAaPQ)EBC622514
|
| 035 |
|
|
|a (Au-PeEL)EBL622514
|
| 035 |
|
|
|a (CaPaEBR)ebr5000228
|
| 035 |
|
|
|a (OCoLC)665817405
|
| 040 |
|
|
|a MiAaPQ
|c MiAaPQ
|d MiAaPQ
|
| 050 |
|
4 |
|a HC460.5
|b .E53 2000
|
| 082 |
0 |
4 |
|a 332.095
|2 21
|
| 245 |
0 |
4 |
|a The end of the 'Asian model'?
|h [electronic resource] /
|c edited by Holger Henke, Ian Boxill.
|
| 260 |
|
|
|a Amsterdam ;
|a [Great Britain] :
|b John Benjamins,
|c c2000.
|
| 300 |
|
|
|a x, 217 p. :
|b ill.
|
| 490 |
1 |
|
|a Advances in organization studies ;
|v v.2
|
| 504 |
|
|
|a Includes bibliographical references and indexes.
|
| 533 |
|
|
|a Electronic reproduction. Ann Arbor, MI : ProQuest, 2015. Available via World Wide Web. Access may be limited to ProQuest affiliated libraries.
|
| 650 |
|
0 |
|a Industrialization
|z East Asia.
|
| 650 |
|
0 |
|a Finance
|z East Asia.
|
| 651 |
|
0 |
|a East Asia
|x Economic policy.
|
| 651 |
|
0 |
|a East Asia
|x Economic conditions.
|
| 655 |
|
4 |
|a Electronic books.
|
| 700 |
1 |
|
|a Henke, Holger.
|
| 700 |
1 |
|
|a Boxill, Ian.
|
| 710 |
2 |
|
|a ProQuest (Firm)
|
| 830 |
|
0 |
|a Advances in organization studies ;
|v 2.
|
| 856 |
4 |
0 |
|u https://ebookcentral.proquest.com/lib/matrademy/detail.action?docID=622514
|z Click to View
|